000 00316nam a2200121Ia 4500
008 240731s9999 xx 000 0 und d
022 _a2380-2359
245 0 _aMitochondrial DNA Part B : Resources
260 _bTaylor & Francis
856 _uhttps://www.tandfonline.com/loi/tmdn20
942 _2ddc
942 _cTFEJ
999 _c78593
_d78593
945 _a1
_bMadushi Gamage
_c1
_dMadushi Gamage